|
|
|
|
| LEADER |
00000nam0a2200000 4500 |
| 001 |
17981 |
| 005 |
20231101205158.0 |
| 010 |
|
|
|a 5319005409
|
| 035 |
|
|
|a (RuTPU)RU\TPU\book\18129
|
| 035 |
|
|
|a BOOK00002817
|
| 090 |
|
|
|a 17981
|
| 100 |
|
|
|a 20011209d1990 km y0rusy50 ca
|
| 101 |
0 |
|
|a rus
|
| 102 |
|
|
|a UA
|
| 105 |
|
|
|a y g 000zy
|
| 200 |
1 |
|
|a Страны Ближнего Востока
|e справочник
|
| 210 |
|
|
|a Киев
|c Политиздат
|d 1990
|
| 215 |
|
|
|a 335 с.
|
| 606 |
1 |
|
|a Азиатские зарубежные государства
|x Политическое положение
|2 stltpush
|3 (RuTPU)RU\TPU\subj\1571
|9 30328
|
| 610 |
1 |
|
|a политика
|
| 610 |
1 |
|
|a экономика
|
| 610 |
1 |
|
|a культура
|
| 610 |
1 |
|
|a Восток
|
| 610 |
1 |
|
|a Ближний Восток
|
| 610 |
1 |
|
|a справочники
|
| 686 |
|
|
|a Ф2(5)я2
|v LBC/SL-A
|2 rubbk
|
| 686 |
|
|
|a У9(5)я2
|v LBC/SL-A
|2 rubbk
|
| 801 |
|
0 |
|a RU
|b 63413507
|c 20011209
|g PSBO
|
| 801 |
|
2 |
|a RU
|b 63413507
|c 20210825
|g PSBO
|
| 942 |
|
|
|c BK
|